000 00419nam a2200181Ia 4500
001 14421
005 20260306164913.0
008 260306t2002||||xx |||||||||||||| ||spa||
041 _aESP
082 _a514.742
_bM84
100 _aMonroy Olivares, César
_eAUT
245 0 _aCurvas fractales
260 _c2002
300 _a372 páginas :
_c23 cm.
650 _aGEN
654 _aCMA
942 _cLIB
_dJUS
_fJUS
_2ddc
_n
999 _c14421
_d14421